|
|
|
|
| LEADER |
01602nam a2200433 i 4500 |
| 001 |
EBC4659136 |
| 003 |
MiAaPQ |
| 005 |
20200520144314.0 |
| 006 |
m o d | |
| 007 |
cr cnu|||||||| |
| 008 |
160911t20162016caua o 000 0 eng d |
| 020 |
|
|
|z 9789385985270
|
| 020 |
|
|
|a 9789385985287
|q (electronic bk.)
|
| 035 |
|
|
|a (MiAaPQ)EBC4659136
|
| 035 |
|
|
|a (Au-PeEL)EBL4659136
|
| 035 |
|
|
|a (CaPaEBR)ebr11252212
|
| 035 |
|
|
|a (CaONFJC)MIL950564
|
| 035 |
|
|
|a (OCoLC)957700917
|
| 040 |
|
|
|a MiAaPQ
|b eng
|e rda
|e pn
|c MiAaPQ
|d MiAaPQ
|
| 050 |
|
4 |
|a HD38.2
|b .V545 2016
|
| 082 |
0 |
|
|a 658.409
|2 23
|
| 100 |
1 |
|
|a Vieira, Walter,
|d 1938-
|e author.
|
| 245 |
1 |
4 |
|a The impatient manager /
|c Walter Vieira.
|
| 264 |
|
1 |
|a Los Angeles, [California] :
|b Sage,
|c 2016.
|
| 264 |
|
4 |
|c 2016
|
| 300 |
|
|
|a 1 online resource (200 page) :
|b illustrations
|
| 336 |
|
|
|a text
|2 rdacontent
|
| 337 |
|
|
|a computer
|2 rdamedia
|
| 338 |
|
|
|a online resource
|2 rdacarrier
|
| 588 |
|
|
|a Description based on print version record.
|
| 590 |
|
|
|a Electronic reproduction. Ann Arbor, MI : ProQuest, 2016. Available via World Wide Web. Access may be limited to ProQuest affiliated libraries.
|
| 650 |
|
0 |
|a Executives.
|
| 650 |
|
0 |
|a Promotions.
|
| 650 |
|
0 |
|a Career development.
|
| 650 |
|
0 |
|a Success.
|
| 655 |
|
4 |
|a Electronic books.
|
| 776 |
0 |
8 |
|i Print version:
|a Vieira, Walter, 1938-
|t Impatient manager.
|d Los Angeles, [California] : Sage, c2016
|h x, 184 pages
|z 9789385985270
|w 2016026481
|
| 797 |
2 |
|
|a ProQuest (Firm)
|
| 856 |
4 |
0 |
|u https://ebookcentral.proquest.com/lib/matrademy/detail.action?docID=4659136
|z Click to View
|